000 00779nam a2200229Ii 4500
003 JO-AjNU
008 230605s9999||||xx |||||||||||||| ||und||
017 _a92/7921
020 _a977-200-040-7
040 _aJO-AjNU
_bara
_erda
_cJO-AjNU
041 _aara
050 1 4 _aBJ1291.S4564.1992
100 3 _aعبد السلام،سامية عبد الرحمن,
_eauthor
_914629
245 0 0 _aالقيم الأخلاقية :دراسة نقدية في الفكر الإسلامي والفكر المعاصر
250 _aط1
264 3 1 _aالقاهرة:مكتبة النهضة المصرية ،1992
300 _a143ص
336 _atext
_btxt
_2rdacontent
337 _aunmediated
_bn
_2rdamedia
338 _avolume
_bnc
_2rdacarrier
650 4 _aالاخلاق-قيم
_914630
999 _aA3946
_c7514
_d7514